[Event "SC-2014-0-00222"]
[Site "LSS email"]
[Date "2014.04.28"]
[Round "?"]
[White "Gomez Galan Arense, Joaquin"]
[Black "Sensabaugh, Gene"]
[Result "1-0"]
[WhiteElo "1677"]
[BlackElo "1592"]
[PlyCount "41"]
[EventDate "2014.03.08"]
[EventType "tourn (corr)"]
[EventRounds "6"]
[EventCountry "GER"]
[SourceTitle "Corr 2015"]
[Source "ChessBase"]
[SourceDate "2015.07.17"]
[SourceVersion "1"]
[SourceVersionDate "2015.07.17"]
[SourceQuality "1"]

1. e4 e5 2. Nf3 Nc6 3. Bb5 a6 4. Bxc6 dxc6 5. 0-0 f6 6. d4 Bg4 7. c3 Bxf3 8. Qxf3 exd4 9. Rd1 c5 10. Be3 d3 11. Na3 b5 12. e5 c4 13. Qc6+ Kf7 14. e6+ Kg6 15. g4 Ne7 16. Qe4+ f5 17. gxf5+ Kf6 18. h4 h6 19. Bd4+ Qxd4 20. cxd4 Rd8 21. Qe5# 1-0

[Event "BI-2014-P-0019"]
[Site "LSS email"]
[Date "2014.04.19"]
[Round "?"]
[White "Sensabaugh, Gene"]
[Black "Permykov, Andrey Valerevich"]
[Result "0-1"]
[WhiteElo "1592"]
[BlackElo "2053"]
[PlyCount "50"]
[EventDate "2014.04.25"]
[EventType "tourn (corr)"]
[EventRounds "10"]
[EventCountry "GER"]
[SourceTitle "Corr 2015"]
[Source "ChessBase"]
[SourceDate "2015.07.17"]
[SourceVersion "1"]
[SourceVersionDate "2015.07.17"]
[SourceQuality "1"]

1. e4 c5 2. d4 cxd4 3. c3 dxc3 4. Nxc3 Nc6 5. Nf3 e6 6. Bf4 Bb4 7. Bc4 Nf6 8. e5 Ne4 9. Qc2 Nxc3 10. bxc3 Be7 11. 0-0 b6 12. Rfd1 Bb7 13. h3 Rc8 14. a4 Qc7 15. Bb3 g5 16. Bxg5 Bxg5 17. Nxg5 Nxe5 18. Ne4 Rg8 19. Nd6+ Ke7 20. Nxc8+ Qxc8 21. Qxh7 Bxg2 22. Qh4+ Ke8 23. Qf6 Qxc3 24. Rxd7 Bd5+ 25. Kh2 Rg2+ 0-1

[Event "BI-2014-P-0019"]
[Site "LSS email"]
[Date "2014.04.19"]
[Round "?"]
[White "Sensabaugh, Gene"]
[Black "Silva Filho, Alcindo Luz Bastos"]
[Result "0-1"]
[WhiteElo "1592"]
[BlackElo "2030"]
[PlyCount "48"]
[EventDate "2014.04.25"]
[EventType "tourn (corr)"]
[EventRounds "10"]
[EventCountry "GER"]
[SourceTitle "Corr 2015"]
[Source "ChessBase"]
[SourceDate "2015.07.17"]
[SourceVersion "1"]
[SourceVersionDate "2015.07.17"]
[SourceQuality "1"]

1. e4 c5 2. c3 d5 3. exd5 Qxd5 4. d4 Nf6 5. Nf3 Bg4 6. Be2 e6 7. 0-0 Nc6 8. Be3 cxd4 9. cxd4 Be7 10. Nc3 Qd6 11. Qb3 0-0 12. Rfd1 Qb4 13. Qxb4 Nxb4 14. h3 Bf5 15. g4 Bc2 16. Rd2 Ne4 17. Nxe4 Bxe4 18. a3 Nd5 19. Rc1 f5 20. Ne5 f4 21. Nd7 fxe3 22. fxe3 Bg5 23. Nxf8 Bxe3+ 24. Kh2 Bf4+ 0-1

[Event "SC-2013-0-00177"]
[Site "LSS email"]
[Date "2013.02.20"]
[Round "?"]
[White "Sensabaugh, Gene"]
[Black "Endean, Andrew"]
[Result "1/2-1/2"]
[WhiteElo "1680"]
[BlackElo "1733"]
[PlyCount "28"]
[EventDate "2013.01.30"]
[EventType "tourn (corr)"]
[EventRounds "6"]
[EventCountry "GER"]
[SourceTitle "Corr 2022"]
[Source "ChessBase"]
[SourceDate "2021.10.24"]
[SourceVersion "1"]
[SourceVersionDate "2021.10.24"]
[SourceQuality "1"]

1. e4 c5 2. Nc3 Nc6 3. f4 g6 4. Nf3 Bg7 5. Bb5 Nd4 6. 0-0 Nxb5 7. Nxb5 d6 8. d3 Nf6 9. a4 0-0 10. Bd2 a6 11. Nc3 Bd7 12. Qe1 Bc6 13. f5 Qd7 14. a5 Rab8 1/2-1/2

[Event "SC-2013-0-00176"]
[Site "LSS email"]
[Date "2013.02.16"]
[Round "?"]
[White "Laine, Jari"]
[Black "Sensabaugh, Gene"]
[Result "1/2-1/2"]
[WhiteElo "1850"]
[BlackElo "1690"]
[PlyCount "54"]
[EventDate "2013.01.20"]
[EventType "tourn (corr)"]
[EventRounds "6"]
[EventCountry "GER"]
[SourceTitle "Telechess CBM 167"]
[Source "ChessBase"]
[SourceDate "2015.07.13"]
[SourceVersion "1"]
[SourceVersionDate "2015.07.13"]
[SourceQuality "1"]

1. e4 e5 2. Nf3 Nf6 3. Nxe5 d6 4. Nf3 Nxe4 5. d4 d5 6. Bd3 Nc6 7. 0-0 Be7 8. Re1 Bg4 9. c3 f5 10. Nbd2 0-0 11. Qb3 Na5 12. Qc2 Nc6 13. b4 a6 14. a4 Bd6 15. Ba3 Bh5 16. Qb3 Bf7 17. Nf1 Kh8 18. b5 Na5 19. Qb2 Bxa3 20. Rxa3 Nd6 21. Ne5 Ndc4 22. Bxc4 Nxc4 23. Nxc4 dxc4 24. Raa1 f4 25. Re5 b6 26. Rae1 Qd6 27. Qe2 axb5 1/2-1/2

[Event "OP-2010-0-01279"]
[Site "LSS email"]
[Date "2010.10.28"]
[Round "?"]
[White "Venturas, Bob"]
[Black "Sensabaugh, Gene"]
[Result "0-1"]
[WhiteElo "646"]
[BlackElo "1601"]
[PlyCount "30"]
[EventDate "2010.09.28"]
[EventType "tourn (corr)"]
[EventRounds "4"]
[EventCountry "GER"]
[SourceTitle "Corr 2015"]
[Source "ChessBase"]
[SourceDate "2015.07.17"]
[SourceVersion "1"]
[SourceVersionDate "2015.07.17"]
[SourceQuality "1"]

1. e4 c6 2. d4 d5 3. Nc3 dxe4 4. Nxe4 Bf5 5. Bd3 Bxe4 6. Bxe4 Nf6 7. Bf3 Nbd7 8. Ne2 e5 9. dxe5 Nxe5 10. Qxd8+ Rxd8 11. Nc3 Nxf3+ 12. gxf3 Bb4 13. Bd2 0-0 14. Rd1 Bxc3 15. Bxc3 Rfe8+ 0-1

[Event "LSS SD-2010-0-00072"]
[Site "LSS email"]
[Date "2010.10.25"]
[Round "?"]
[White "Sensabaugh, Gene"]
[Black "Ferluga, Sergio"]
[Result "1-0"]
[WhiteElo "1601"]
[BlackElo "1224"]
[PlyCount "158"]
[EventDate "2010.09.06"]
[EventType "tourn (corr)"]
[EventRounds "6"]
[EventCountry "GER"]
[SourceTitle "Telechess CBM 147"]
[Source "ChessBase"]
[SourceDate "2012.03.16"]
[SourceVersion "1"]
[SourceVersionDate "2012.03.16"]
[SourceQuality "1"]

1. e4 e6 2. d4 c5 3. Nf3 cxd4 4. Nxd4 Nf6 5. Nc3 d6 6. Be2 Bd7 7. Be3 Be7 8. Qd2 0-0 9. g4 d5 10. exd5 exd5 11. f3 Be6 12. h4 Bb4 13. a3 Ba5 14. h5 Nc6 15. h6 g6 16. Bg5 Qe7 17. Qf4 Bd8 18. 0-0-0 a6 19. Rde1 Rc8 20. Nxc6 bxc6 21. Bxa6 Ra8 22. Bd3 Ra7 23. Qe5 Ra5 24. f4 d4 25. Ne4 Rxe5 26. fxe5 Qb7 27. exf6 Qc7 28. Nc5 Bxg4 29. Bc4 Bf5 30. Rhf1 Qh2 31. Nd3 Ba5 32. Bf4 Qh4 33. Re7 Qxf6 34. Ra7 Bb6 35. Rb7 Bxd3 36. Bxd3 Ba5 37. Bc4 d3 38. Bxd3 g5 39. Bg3 Qe6 40. Kb1 Bd2 41. a4 g4 42. a5 Bxa5 43. Rf4 Kh8 44. Bc4 Qxh6 45. Rfxf7 Rxf7 46. Be5+ Qf6 47. Bxf6+ Rxf6 48. Rb8+ Kg7 49. Rg8+ Kh6 50. Rxg4 Bc7 51. Bd3 Rf4 52. Rg2 Rh4 53. Rg8 c5 54. Rc8 Bd6 55. Rc6 Rd4 56. Rb6 Kg7 57. Rb7+ Kf6 58. Rxh7 c4 59. Be2 Re4 60. Rh6+ Ke5 61. Rh5+ Kd4 62. c3+ Ke3 63. Rd5 Bf4 64. Bh5 Bg3 65. Rg5 Bb8 66. Rg8 Bd6 67. Kc2 Rf4 68. Re8+ Kf2 69. Re2+ Kg3 70. Re8 Kf2 71. Re6 Bb8 72. Be8 Rf8 73. Bb5 Rc8 74. Re4 Kf3 75. Rxc4 Rxc4 76. Bxc4 Ke4 77. b4 Bd6 78. Bg8 Ke3 79. b5 Bc7 1-0

[Event "LSS SD-2010-0-00072"]
[Site "LSS email"]
[Date "2010.10.23"]
[Round "?"]
[White "Sensabaugh, Gene"]
[Black "Richter, Klaus"]
[Result "1-0"]
[WhiteElo "1601"]
[BlackElo "1506"]
[PlyCount "127"]
[EventDate "2010.09.06"]
[EventType "tourn (corr)"]
[EventRounds "6"]
[EventCountry "GER"]
[SourceTitle "Telechess CBM 147"]
[Source "ChessBase"]
[SourceDate "2012.03.16"]
[SourceVersion "1"]
[SourceVersionDate "2012.03.16"]
[SourceQuality "1"]

1. e4 e5 2. Nf3 Nc6 3. Bb5 a6 4. Ba4 Nf6 5. 0-0 Be7 6. Re1 b5 7. Bb3 d6 8. c3 0-0 9. h3 Bb7 10. d4 Re8 11. Nbd2 Bf8 12. a4 h6 13. Bc2 exd4 14. Nxd4 Nxd4 15. cxd4 c5 16. d5 Nd7 17. Nf3 Be7 18. Qd3 c4 19. Qc3 Bf6 20. Qb4 Qb6 21. axb5 axb5 22. Be3 Nc5 23. Nd4 Nxe4 24. Rxa8 Bxa8 25. Nxb5 Nc5 26. Qxc4 Bxb2 27. Kh2 Rb8 28. Bd4 Bxd4 29. Nxd4 Qa5 30. Re3 Qd8 31. Nc6 Bxc6 32. dxc6 Rc8 33. Qd5 Qc7 34. Bf5 Rf8 35. Kh1 Kh8 36. Bb1 Rb8 37. Qf5 Rxb1+ 38. Qxb1 Qxc6 39. Re7 Ne6 40. Rxf7 Kg8 41. Re7 Nf4 42. Qe4 Qxe4 43. Rxe4 Nd3 44. Rd4 Nc5 45. Rxd6 Kf7 46. g3 Ne4 47. Rd7+ Kf6 48. Kg2 g6 49. f3 Nc5 50. Ra7 Ne6 51. Kf2 Nd4 52. Ra6+ Kg7 53. g4 Nc2 54. Ra7+ Kf6 55. Rh7 Nb4 56. Rxh6 Kg7 57. g5 Nd5 58. Rh4 Kf8 59. Rd4 Ne7 60. Rd8+ Kf7 61. Rd7 Ke6 62. Rxe7+ Kxe7 63. f4 Ke6 64. Ke3 1-0

[Event "LSS SD-2010-0-00071"]
[Site "LSS email"]
[Date "2010.10.10"]
[Round "?"]
[White "Moreira, Carlos Alberto Lima"]
[Black "Sensabaugh, Gene"]
[Result "1/2-1/2"]
[WhiteElo "1736"]
[BlackElo "1596"]
[PlyCount "91"]
[EventDate "2010.08.28"]
[EventType "tourn (corr)"]
[EventRounds "6"]
[EventCountry "GER"]
[SourceTitle "Telechess CBM 145"]
[Source "Chessbase"]
[SourceDate "2011.11.11"]
[SourceVersion "1"]
[SourceVersionDate "2011.11.11"]
[SourceQuality "1"]

1. d4 c6 2. e4 d5 3. e5 Bf5 4. Nf3 e6 5. Be2 Nd7 6. 0-0 Ne7 7. Be3 Bg6 8. Nh4 Nf5 9. Nxf5 Bxf5 10. Nd2 Be7 11. Bg4 Bg6 12. f4 c5 13. c4 cxd4 14. Bxd4 Nc5 15. Nb3 Nxb3 16. Qxb3 dxc4 17. Qxc4 0-0 18. Rad1 Rc8 19. Qe2 Qa5 20. a3 Rfd8 21. Qe3 Bc2 22. Rd2 Bb3 23. Kh1 Qa4 24. h3 Rc4 25. Bc3 Rxd2 26. Qxd2 h6 27. Be2 Rc8 28. Qd4 Qc6 29. Bf3 Qb5 30. Re1 a6 31. Ra1 Rd8 32. a4 Rxd4 33. axb5 Rxf4 34. bxa6 bxa6 35. Rxa6 Bb4 36. Kh2 Bxc3 37. bxc3 Rc4 38. Rc6 Rxc6 39. Bxc6 f6 40. exf6 gxf6 41. g4 Kf7 42. Bf3 Ke7 43. Kg3 Kd6 44. Kf4 Kc5 45. Be2 Bc4 46. Ke3 1/2-1/2

[Event "LSS SD-2010-0-00071"]
[Site "LSS email"]
[Date "2010.10.10"]
[Round "?"]
[White "Sensabaugh, Gene"]
[Black "Grigoryan, Gagik"]
[Result "1/2-1/2"]
[WhiteElo "1555"]
[BlackElo "1538"]
[PlyCount "57"]
[EventDate "2010.08.28"]
[EventType "tourn (corr)"]
[EventRounds "6"]
[EventCountry "GER"]
[SourceTitle "Telechess CBM 143"]
[Source "ChessBase"]
[SourceDate "2011.07.15"]
[SourceVersion "1"]
[SourceVersionDate "2011.07.15"]
[SourceQuality "1"]

1. e4 c5 2. c3 Nf6 3. e5 Nd5 4. d4 cxd4 5. Nf3 Nc6 6. Bc4 Nb6 7. Bb3 d5 8. exd6 Qxd6 9. 0-0 Be6 10. Bxe6 Qxe6 11. Nxd4 Nxd4 12. cxd4 Qd7 13. Nc3 e6 14. Qg4 f5 15. Qh4 Rc8 16. d5 Nxd5 17. Rd1 Be7 18. Qh5+ g6 19. Qf3 Rd8 20. Be3 Qc6 21. Nxd5 Rxd5 22. Rac1 Rxd1+ 23. Qxd1 Qd7 24. Qb3 Kf7 25. Bxa7 Rc8 26. Rd1 Qc6 27. g3 Rc7 28. Be3 Rd7 29. Rc1 1/2-1/2

[Event "LSS SD-2010-0-00071"]
[Site "LSS email"]
[Date "2010.10.09"]
[Round "?"]
[White "Kravchenko, Daniil"]
[Black "Sensabaugh, Gene"]
[Result "1/2-1/2"]
[WhiteElo "1550"]
[BlackElo "1596"]
[PlyCount "106"]
[EventDate "2010.08.28"]
[EventType "tourn (corr)"]
[EventRounds "6"]
[EventCountry "GER"]
[SourceTitle "Telechess CBM 145"]
[Source "Chessbase"]
[SourceDate "2011.11.11"]
[SourceVersion "1"]
[SourceVersionDate "2011.11.11"]
[SourceQuality "1"]

1. e4 c6 2. Nf3 d5 3. e5 Bg4 4. d4 e6 5. c3 Nd7 6. Be2 c5 7. 0-0 Ne7 8. Qb3 cxd4 9. cxd4 Qb6 10. Qxb6 Nxb6 11. Bf4 Bxf3 12. Bxf3 Rc8 13. Nd2 Nf5 14. Nb3 h5 15. Rac1 Nc4 16. Bd2 Kd7 17. Bc3 b5 18. a3 a6 19. Be2 Be7 20. Bd3 Rc6 21. Rc2 Rhc8 22. Re2 Nxa3 23. Nc5+ Bxc5 24. dxc5 d4 25. Rd1 dxc3 26. Bxb5+ Ke7 27. Bxc6 c2 28. Rc1 Nd4 29. Re3 Nxc6 30. bxa3 Nd4 31. f4 Rb8 32. Kf2 Rb1 33. Ree1 Rb2 34. Ke3 Nb3 35. Kd3 Nxc1+ 36. Rxc1 Ra2 37. Kc4 Rxa3 38. Kb4 Ra2 39. Kb3 Ra5 40. Rxc2 Kd7 41. Rd2+ Kc6 42. Rd6+ Kxc5 43. Rd7 f6 44. exf6 gxf6 45. Rf7 Rb5+ 46. Kc2 Kd6 47. Rxf6 Rf5 48. Rh6 Rxf4 49. Rxh5 Rf2+ 50. Kd3 Rxg2 51. Ra5 Rxh2 52. Ke4 Rh4+ 53. Ke3 Rh3+ 1/2-1/2

[Event "LSS SD-2009-0-00046"]
[Site "LSS email"]
[Date "2009.12.24"]
[Round "?"]
[White "Sensabaugh, Gene"]
[Black "Sadler, Kirk"]
[Result "0-1"]
[WhiteElo "1561"]
[BlackElo "1518"]
[PlyCount "62"]
[EventDate "2009.11.25"]
[EventType "tourn (corr)"]
[EventRounds "6"]
[EventCountry "GER"]
[SourceTitle "Telechess CBM 141"]
[Source "ChessBase"]
[SourceDate "2011.03.17"]
[SourceVersion "1"]
[SourceVersionDate "2011.03.17"]
[SourceQuality "1"]

1. e4 Nf6 2. e5 Nd5 3. d4 d6 4. Nf3 dxe5 5. Nxe5 c6 6. Be2 Nd7 7. Nf3 g6 8. 0-0 Bg7 9. c4 N5f6 10. Nc3 0-0 11. Bf4 c5 12. d5 b6 13. Re1 Bb7 14. Bd3 Re8 15. h3 e6 16. dxe6 Rxe6 17. Rxe6 fxe6 18. Qe2 Qe7 19. Re1 Rf8 20. Bg5 Qf7 21. Bc1 e5 22. Ng5 Qe7 23. Nce4 h6 24. Nf3 Nh5 25. g4 Nf4 26. Bxf4 Rxf4 27. Nfd2 Nf8 28. f3 Ne6 29. Nb3 Qh4 30. Qg2 Qxe1+ 31. Kh2 Qe3 0-1

[Event "LSS OP-2009-0-00992"]
[Site "LSS email"]
[Date "2009.11.13"]
[Round "?"]
[White "Grego, Luis Jose Gonzaga"]
[Black "Sensabaugh, Gene"]
[Result "1/2-1/2"]
[WhiteElo "1922"]
[BlackElo "1604"]
[PlyCount "81"]
[EventDate "2009.11.05"]
[EventType "tourn (corr)"]
[EventRounds "4"]
[EventCountry "GER"]
[SourceTitle "Telechess CBM 137"]
[Source "ChessBase"]
[SourceDate "2010.07.15"]
[SourceVersion "1"]
[SourceVersionDate "2010.07.15"]
[SourceQuality "1"]

1. d4 c6 2. c4 d5 3. Nc3 Nf6 4. cxd5 cxd5 5. f3 Nc6 6. e4 dxe4 7. d5 Ne5 8. fxe4 e6 9. Nf3 Bd6 10. Bb5+ Bd7 11. Bxd7+ Qxd7 12. Bg5 Nfg4 13. Nxe5 Nxe5 14. 0-0 0-0 15. Rc1 Rac8 16. Kh1 exd5 17. Bf4 d4 18. Qxd4 Rc4 19. Qe3 Re8 20. Rcd1 Qc6 21. Qe2 Rc5 22. Be3 Rc4 23. Rd5 Bc7 24. Bd4 a6 25. a4 Ng6 26. Qf3 Qe6 27. Qd3 Rc6 28. b4 Nf4 29. Qg3 Qh6 30. Qf3 f6 31. Rd7 Ne2 32. Rxc7 Nxd4 33. Qg3 Qg6 34. Qxg6 hxg6 35. Rxc6 Nxc6 36. b5 Ne5 37. Re1 Rc8 38. Re3 Ng4 39. Rf3 a5 40. Kg1 Ne5 41. Rh3 1/2-1/2

[Event "LSS OP-2009-0-00992"]
[Site "LSS email"]
[Date "2009.11.13"]
[Round "?"]
[White "Sensabaugh, Gene"]
[Black "Santo, Moises"]
[Result "0-1"]
[WhiteElo "1583"]
[BlackElo "1930"]
[PlyCount "66"]
[EventDate "2009.11.05"]
[EventType "tourn (corr)"]
[EventRounds "4"]
[EventCountry "GER"]
[SourceTitle "Telechess CBM 137"]
[Source "ChessBase"]
[SourceDate "2010.07.15"]
[SourceVersion "1"]
[SourceVersionDate "2010.07.15"]
[SourceQuality "1"]

1. e4 c5 2. Nf3 d6 3. d4 cxd4 4. Nxd4 Nf6 5. Nc3 g6 6. Be3 Bg7 7. f3 0-0 8. Qd2 Nc6 9. Bc4 Bd7 10. 0-0-0 Rc8 11. Bb3 Ne5 12. h4 h5 13. Bg5 Rc5 14. Kb1 Re8 15. f4 Nc4 16. Qd3 Qc8 17. Rhf1 Ng4 18. f5 gxf5 19. Nd5 Nxb2 20. Kxb2 Bb5 21. Qd2 e6 22. Ne7+ Rxe7 23. Bxe7 Bxf1 24. Rxf1 Qc7 25. Bg5 fxe4 26. Kb1 d5 27. Be3 Nxe3 28. Qxe3 Rc3 29. Nb5 Qg3 30. Qf2 Qxf2 31. Rxf2 Re3 32. c3 Bxc3 33. Nxc3 Rxc3 0-1

[Event "LSS OP-2009-0-00992"]
[Site "LSS email"]
[Date "2009.11.13"]
[Round "?"]
[White "Vlasov, Andrey"]
[Black "Sensabaugh, Gene"]
[Result "1/2-1/2"]
[WhiteElo "1707"]
[BlackElo "1587"]
[PlyCount "35"]
[EventDate "2009.11.05"]
[EventType "tourn (corr)"]
[EventRounds "4"]
[EventCountry "GER"]
[SourceTitle "Telechess CBM 137"]
[Source "ChessBase"]
[SourceDate "2010.07.15"]
[SourceVersion "1"]
[SourceVersionDate "2010.07.15"]
[SourceQuality "1"]

1. Nf3 e6 2. g3 d5 3. Bg2 Nf6 4. 0-0 Be7 5. d3 0-0 6. b3 b6 7. c4 Bb7 8. Bb2 c5 9. Nbd2 Nc6 10. a3 Qd7 11. Ra2 d4 12. Qb1 Ng4 13. Re1 f5 14. h3 Nh6 15. e3 dxe3 16. fxe3 Rad8 17. d4 Qc7 18. Nf1 1/2-1/2

[Event "FICGS class F 000065 email"]
[Site "FICGS email"]
[Date "2008.09.25"]
[Round "1"]
[White "Barradas, Anderson"]
[Black "Sensabaugh, Gene"]
[Result "0-1"]
[WhiteElo "1210"]
[BlackElo "1186"]
[PlyCount "60"]
[EventDate "2008.??.??"]
[EventType "tourn (corr)"]
[EventRounds "5"]
[SourceTitle "Corr 2022"]
[Source "ChessBase"]
[SourceDate "2021.10.24"]
[SourceVersion "1"]
[SourceVersionDate "2021.10.24"]
[SourceQuality "1"]

1. e4 c5 2. Nf3 d6 3. d4 cxd4 4. Nxd4 Nf6 5. Bd3 Nc6 6. Nxc6 bxc6 7. 0-0 g6 8. Nc3 Bg7 9. Re1 Qc7 10. a3 Rb8 11. b4 Nxe4 12. Bb2 Nxc3 13. Bxc3 Bxc3 14. Qe2 Bxa1 15. Rxa1 0-0 16. c4 e5 17. Rc1 a5 18. Qd2 axb4 19. axb4 Be6 20. h3 Qb6 21. Rb1 d5 22. cxd5 cxd5 23. b5 e4 24. Be2 d4 25. Qb2 Rfc8 26. Kh2 d3 27. Bg4 Qd6+ 28. g3 Bxg4 29. hxg4 Rc2 30. Qxc2 dxc2 0-1